American Civil War People by Picture - Statistics

General Stats
  • This quiz has been taken 77 times
    67 since last reset
  • The average score is 10 of 21
Answer Stats
Picture Hint Answer % Correct
United States Abraham Lincoln
96%
Confederate States Robert E. Lee
88%
United States Ulysses S. Grant
82%
Confederate States Jefferson Davis
74%
Confederate States Thomas Jonathan "Stonewall" Jackson
72%
United States Ambrose Burnside
70%
United States William Tecumseh Sherman
67%
United States George B. McClellan
63%
United States John Wilkes Booth
63%
Confederate States James Longstreet
46%
Confederate States Nathan Bedford Forrest
44%
United States George Gordon Meade
42%
Confederate States George Pickett
40%
Confederate States Joseph E. Johnston
39%
Confederate States P. G. T. Beauregard
37%
United States Braxton Bragg
33%
United States Philip Sheridan
30%
United States Winfield Scott Hancock
28%
United States George Henry Thomas
19%
United States David Dixon Porter
12%
Confederate States Franklin Buchanan
4%
No matching quizzes found
Score Distribution
Percent of People with Each Score
Percentile by Number Answered
Your Score History
You have not taken this quiz since the last reset